| Поле | Инд. | ПП | Название | Значение |
|---|---|---|---|---|
| Тип записи | a | |||
| Библиографический уровень | b | |||
| 001 | Контрольный номер | 34f3a45482b14519ae9f8e88cc221bab | ||
| 005 | Дата корректировки | 20210908160154.2 | ||
| 040 | a | Служба первич. каталог. | РИНЦ | |
| 041 | 0_ | a | Код языка текста | rus |
| 097 | a | Ануфриева Г.Ю. | ||
| 100 | 1_ | q | Полное имя | Архипова Елена Витальевна |
| g | Прочие сведения | РИНЦ AuthorID: 151776 (http://elibrary.ru/author_items.asp?authorid=151776); SPIN-код: 8148-2227 (http://elibrary.ru/author_items.asp?authorid=151776) | ||
| a | Автор | Архипова Е. В. | ||
| u | Дополнение | Архипова Е. В. | ||
| c | Титул (звания) | кандидат геолого-минералогических наук | ||
| i | 000090656 | |||
| k | Кафедра экологии и наук о Земле; Факультет естественных и инженерных наук | |||
| j | Принадлежность неизвестного автора к последователям, ученикам, сторонникам, школе и т. д. | государственный университет "Дубна" | ||
| 100 | 1_ | a | Автор | Жигалин А. Д. |
| 100 | 1_ | q | Полное имя | Брянцева Галина Владимировна |
| g | Прочие сведения | РИНЦ AuthorID: 70749 (http://elibrary.ru/author_items.asp?authorid=70749); SPIN-код: 3462-6903 (http://elibrary.ru/author_items.asp?authorid=70749) | ||
| a | Автор | Брянцева Г. В. | ||
| u | Дополнение | Брянцева Г. В. | ||
| c | Титул (звания) | доцент; кандидат геолого-минералогических наук | ||
| i | 000090668 | |||
| k | Кафедра экологии и наук о Земле; Факультет естественных и инженерных наук | |||
| j | Принадлежность неизвестного автора к последователям, ученикам, сторонникам, школе и т. д. | государственный университет "Дубна" | ||
| 100 | 1_ | a | Автор | Гусева И. С. |
| j | Принадлежность неизвестного автора к последователям, ученикам, сторонникам, школе и т. д. | государственный университет "Дубна" | ||
| c | Титул (звания) | аспирант | ||
| k | Кафедра экологии и наук о Земле; Факультет естественных и инженерных наук | |||
| q | Полное имя | Гусева Ирина Семеновна | ||
| u | Дополнение | Гусева И. С. | ||
| 245 | 10 | a | Заглавие | Эколого-геофизические аспекты влияния техногенных воздействий на литосферу |
| 513 | a | передано на оплату | ||
| b | IV квартал 2019 | |||
| 773 | 18 | t | Название источника | Вестник РАЕН |
| b | Сведения об издании | Общероссийская общественная организация Российская академия естественных наук | ||
| c | Москва | |||
| d | Место и дата издания | 2019 | ||
| m | Специф. данные | журнал из перечня ВАК; | ||
| n | Примечание | https://elibrary.ru/title_about.asp?id=7653 | ||
| x | ISSN | 1682-1696 | ||
| g | Прочая информация | Т. 19. - № 3. - С. 65 - 72 | ||
| q | ВАК | |||
| w | Контрольный № источника | 0bed862d53314912b50eea19a11311b9 | ||
| 856 | 40 | u | URL | https://elibrary.ru/item.asp?id=40884242 |
| 901 | t | Тип документа | b | |
| 952 | c | Вид литературы | статья в журнале |